| 000 | 07303nam a22006857a 4500 | ||
|---|---|---|---|
| 005 | 20080922101333.0 | ||
| 008 | 080922t xxu||||| |||| 00| 0 eng d | ||
| 010 | _aB-348636-669 | ||
| 020 |
_c450.00 _a9788131713600 |
||
| 035 | _aB-348636-669 | ||
| 035 | _aB-348980-981 | ||
| 037 | _bUBH | ||
| 040 |
_adpl _bEnglish |
||
| 082 | _a000 | ||
| 100 | _aThorpe, Edgar | ||
| 245 |
_aThe Pearson guide to the LLB entrance examinations / _cby Edgar Thorpe [and] Showick Thorpe |
||
| 260 |
_aNew Delhi _bDorling Kindersley _c2008 |
||
| 270 |
_a482, F.I.E. Patparganj _bNew Delhi _e110092 |
||
| 300 |
_aVarious pagings _c27cm(pbk) |
||
| 700 | _aThorpe, Showick | ||
| 942 |
_2ddc _cEN _mTHO _h000 |
||
| 999 |
_c23976 _d23976 |
||